000 00514nam a2200181Ia 4500
005 20250423095853.0
008 250422s9999 xx 000 0 und d
020 _a97811119527923
050 _aTK 5105.8857 .S43/
100 _aEdited by Madhusanka Liyanage, An Braeken, Pardeep Kumar, Mika Yliantilla
245 0 _aIoT security : advances in authentication
260 _aUSA
260 _bJohn Wiley
260 _c2023
300 _a84 p
650 _aInternet of things--Security measures.
942 _cBK
999 _c31581
_d31581